00525nam a2200181 a 4500001001300000003000900013005001700022008004100039020002300080082001300103100001600116245008000132260004400212300000900256500003500265650002700300700001600327nice12345678IN_TiNIC20260116014627.0070312s2007 lona grp 000 0 eng  a0195683943 c49500a190bPUR aPuri, Bindu aTerror, Peace, and Universalismb Essays on the Philosophy of Immanuel Kant aLondan bOxford University Press c2007 a181p aincludes index and biblioraphy aPhilosophy-Modern-Kant1 aPuri, Bindu